000 01165nam a2200349 a 4500
005 20200104041528.0
008 140304b1999 ck ||||| |||| 00| 0 spa d
041 _aspa
044 _ack
082 _a590.8617
_bF26
090 _aLB
_b01944
110 1 _bComisión Regional de Ciencia y Tecnología de la Amazonia
_914631
245 1 0 _aFauna amazónica colombiana
_buna proyección hacia el nuevo milenio, delineamientos para un programa regional de fauna silvestre
260 _aBogotá
_bComisión Regional de Ciencia y Tecnología de la Amazonia
_c1999
300 _a2 vol. (46 p.)
_b24 cm.
650 6 _aFauna
_924036
650 6 _aInvertebrados
_93636
650 6 _aPeces
_924037
650 6 _aReptiles
_924038
650 6 _aAnfibios
_924039
650 6 _aAves
_924040
650 6 _aMamíferos
_924041
650 4 _aPolítica Nacional de Biodiversidad
_94424
650 4 _aUso sostenible
_9344
650 6 _aInventarios
_992201
650 4 _aInvestigación científica
_924043
650 4 _aInvestigación aplicada
_93686
650 4 _aConservación de biodiversidad
_9345
650 6 _aAmazonia
_9135
662 6 _aColombia
942 _cImpreso
_2z
999 _c2111
_d2111